000 00467nam a2200217Ia 4500
003 0100
008 130303s9999 xx 000 0 und d
020 _a0911714197
040 _cARRUPELIB
050 _aBJ1012.B14 1978
100 _aBahm, Archie J
245 _aWhy be moral ?
250 _a2nd ed.
260 _aAlbuqueruqe
260 _bWorld Books
260 _C1978
300 _axii
300 _b 435p. 22cm.
650 _aETHICS
942 0 0 _02
999 _c27863
_d27863